000
00271nam a2200109Ia 4500
008
220204s9999 xx 000 0 und d
082
_a
630*81
_b
WAS
100
_a
WASSINK, J T
245
0
_a
Man wood relationship
260
_a
Amsterdam
_b
Koninklijk Inst
_c
1976
942
_c
BK
999
_c
26236
_d
26236